000 00819nam a2200265Ia 4500
001 21729
005 20260320113307.0
008 260320s9999||||xx |||||||||||||| ||und||
020 _a9786123330811
041 _aESP
082 _a346.13
_bB26
100 _aBasilio Santos, Zegel,
_eAUT
245 0 _aEl derecho registral peruano :
_bexplicado a través de los principios registrales
246 _a
_5
_b
250 _aPrimera edición
260 _aLima :
_bGaceta Jurídica,
_c2024
300 _a765 páginas :
_b
_c25 cm.
_e
440 _a
_n
_v
650 _aCIS
653 _aDerecho; Derecho civil; Derecho registral - Perú
654 _aDER
700 _a
_c
856 _uhttps://login.ucsp.lookproxy.com/login?url=https://app.vlex.com
_zVéase además: Base de datos Vlex
942 _cLIB
_dJUS
_fTRC
_2ddc
_n
999 _c21729
_d21729